| 000 | 00372cam a2200157ua 4500 | ||
|---|---|---|---|
| 041 |
_aeng _h |
||
| 082 |
_a823.308 _bSCO/TA |
||
| 100 | _aScott, Walter. | ||
| 245 |
_aTalisman / _cWalter Scott. _hTextual Documents |
||
| 250 |
_a2 / _b. |
||
| 260 |
_aLondon : _bOxford University Press , _c1967. |
||
| 300 | _a137 ; . | ||
| 504 | _a | ||
| 942 | _cBK | ||
| 999 |
_c7560 _d7560 |
||